Catálogo

Aprendizaje efectivo y desarrollo de la inteligencia : (Registro nro. 61940)

Detalles MARC
000 -LEADER
fixed length control field 00883nam a2200229 u 4500
001 - CONTROL NUMBER
control field 61940
005 - DATE AND TIME OF LATEST TRANSACTION
control field 20180714063752.0
008 - FIXED-LENGTH DATA ELEMENTS--GENERAL INFORMATION
fixed length control field 150107s2013 mx r 000 0 spa d
020 ## - INTERNATIONAL STANDARD BOOK NUMBER
International Standard Book Number 978-607-17-1480-0
082 ## - DEWEY DECIMAL CLASSIFICATION NUMBER
Classification number 370.15
Item number ARM
100 1# - MAIN ENTRY--PERSONAL NAME
Personal name Arzamendi Zumaya, Alberto
Relator term autor
245 10 - TITLE STATEMENT
Title Aprendizaje efectivo y desarrollo de la inteligencia :
Remainder of title El estudio y las palabras mal comprendidas / El estudio y el proceso del aprendizaje / El estudio y la visualización mental del conocimiento. /
Statement of responsibility, etc. Armendi Zumaya, Alberto.
250 ## - EDITION STATEMENT
Edition statement Primera edición.
264 ## - PRODUCTION, PUBLICATION, DISTRIBUTION, MANUFACTURE, AND COPYRIGHT NOTICE
Place of production, publication, distribution, manufacture México :
Name of producer, publisher, distributor, manufacturer Trillas
Date of production, publication, distribution, manufacture, or copyright notice 2013
300 ## - PHYSICAL DESCRIPTION
Extent 144 páginas :
Other physical details ilustraciones_ ;
Dimensions 22 cm.
336 ## - CONTENT TYPE
Content type term texto
Source rdacontent
337 ## - MEDIA TYPE
Media type term sin mediación
Source rdamedia
338 ## - CARRIER TYPE
Carrier type term volumen
Source rdacarrier
650 #0 - SUBJECT ADDED ENTRY--TOPICAL TERM
Topical term or geographic name entry element Estudio-Método
650 ## - SUBJECT ADDED ENTRY--TOPICAL TERM
General subdivision Educación- Estudio y enseñanza
650 ## - SUBJECT ADDED ENTRY--TOPICAL TERM
Geographic subdivision Mnemotecnia.
Existencias
Withdrawn status Lost status Source of classification or shelving scheme Damaged status Not for loan Collection code Home library Current library Shelving location Date acquired Source of acquisition Total Checkouts Full call number Barcode Date last seen Price effective from Koha item type Date last checked out
    Dewey Decimal Classification     General Tehuacán Tehuacán Sala general 15/03/2016 Compra   370.15 ARZ 2015 510097 08/01/2025 15/03/2016 Libro  
    Dewey Decimal Classification     General Tehuacán Tehuacán Sala general 15/03/2016 Compra   370.15 ARZ 2013 509562 08/01/2025 15/03/2016 Libro 25/11/2017
    Dewey Decimal Classification     General Tehuacán Tehuacán Sala general 07/01/2015 Compra 1 370.15 ARZ 2013 509560 08/01/2025 15/03/2016 Libro 31/08/2024